A history of Western philosophy /

Bibliographic Details
Main Author: Hamlyn, D. W., 1924-
Format: Book
Language:English
Published: Harmondsworth, Middlesex, England ; New York, N.Y., U.S.A. : Viking, 1987.
Subjects:

MARC

Tag First Indicator Second Indicator Subfields
LEADER 00000cam a2200000 a 4500
001 in00000018600
005 20151007053305.0
008 860825s1987 enk b 00110 eng
010 |a  86051116  
020 |a 0670802433 :  |c £14.95 ($19.95 U.S.) 
035 |a (OCoLC)18021166 
035 |9 AAB1100AM 
040 |a DLC  |c DLC  |d TXA  |d UtOrBLW 
049 |a TXAM  |c [A11468658] 
050 0 0 |a B72  |b .H26 1987 
082 0 |a 190  |2 19 
100 1 |a Hamlyn, D. W.,  |d 1924- 
245 1 2 |a A history of Western philosophy /  |c D.W. Hamlyn. 
264 1 |a Harmondsworth, Middlesex, England ;  |a New York, N.Y., U.S.A. :  |b Viking,  |c 1987. 
300 |a 345 pages ;  |c 24 cm. 
336 |a text  |b txt  |2 rdacontent 
337 |a unmediated  |b n  |2 rdamedia 
338 |a volume  |b nc  |2 rdacarrier 
504 |a Bibliography: pages [334]-336. 
500 |a Includes index. 
650 0 |a Philosophy  |x History. 
999 |a MARS 
999 f f |s 4af0bdb7-cde1-3ae3-b352-60ded62c6ecd  |i 16e715df-fcb5-3fab-b5a0-4d9e93810ee4  |t 0 
952 f f |p normal  |a Texas A&M University  |b College Station  |c Sterling C. Evans Library  |d Evans: Library Stacks  |t 0  |e B72 .H26 1987  |h Library of Congress classification  |i unmediated -- volume  |m A14811468658 
998 f f |a B72 .H26 1987  |t 0  |l Evans: Library Stacks